Miasta zaczynające się na literę S na mapie - Statystyki

Ogólne statystyki
  • Ten quiz został rozwiązany 52 razy
  • Średni wynik to 13 z 30
Odpowiedzi na mapie
Odpowiedzi zakodowano w zielono-czerwonej skali na mapie do tego quizu, zgodnie z poniższymi procentami.
 
Statystyki odpowiedzi
miasto % Poprawnych
Sydney
88%
Sewilla
83%
Sofia
81%
San Francisco
79%
São Paulo
79%
Seul
77%
Santiago
73%
Seattle
73%
Szanghaj
67%
Singapur
65%
Sucre
60%
Santo Domingo
56%
San José
54%
Soczi
54%
San Diego
50%
Sheffield
44%
Strasburg
40%
Saint Petersburg
38%
Sapporo
35%
San Antonio
27%
San Juan
27%
Salvador
23%
Suez
19%
Surabaya
13%
Saint Louis
8%
Savannah
6%
Shenzhen
6%
Shenyang
4%
Sendai
2%
Surat
2%
Nie znaleziono quizów pasujących do podanych kryteriów
Rozkład punktacji
Procent ludzi z każdym wynikiem
Percentyl według liczby udzielonych odpowiedzi
Twoja historia wyników
Nie rozwiązałeś tego quizu